[Event "SERBIA OPEN 2023 - MASTERS ?????? ???? 2"]
[Site "Belgrade, "]
[Date "2023.07.18"]
[Round "3.49"]
[White "Krstic, Milos"]
[Black "Baiture, Temirlan"]
[Result "1-0"]
[WhiteElo "2183"]
[BlackElo "1814"]
[PlyCount "77"]
[EventDate "2023.07.16"]

1. e4 c5 2. Nf3 e6 3. d4 cxd4 4. Nxd4 a6 5. Nc3 Qc7 6. g3 Nf6 7. Bg2 Be7 8. O-O O-O 9. Re1 d6 10. a4 Nc6 11. b3 e5 12. Nde2 Nd4 13. h3 h5 14. Bb2 Ne6 15. h4 b6 16. Nd5 Nxd5 17. exd5 Nc5 18. Qd2 Bf5 19. Nc3 Bg6 20. Qe2 Qd7 21. Bf3 Qf5 22. Rac1 b5 23. Ba3 Rfb8 24. Bxc5 dxc5 25. axb5 axb5 26. d6 Bxd6 27. Bxa8 Rxa8 28. Nxb5 Bf8 29. Qxe5 Qf3 30. Qe3 Qc6 31. c4 Bf5 32. Nc3 Ra3 33. Nd5 Qb7 34. Qg5 Bg6 35. Re8 Ra8 36. Ne7+ Kh7 37. Nxg6 fxg6 38. Rxa8 Qxa8 39. Rd1 1-0

[Event "SERBIA OPEN 2023 - MASTERS ?????? ???? 2"]
[Site "Belgrade, "]
[Date "2023.07.18"]
[Round "3.50"]
[White "Radovanovic, Nikola"]
[Black "Kupervaser, Erez"]
[Result "1/2-1/2"]
[WhiteElo "2439"]
[BlackElo "2262"]
[PlyCount "64"]
[EventDate "2023.07.16"]

1. d4 d5 2. c4 c6 3. Nc3 Nf6 4. e3 e6 5. Nf3 Nbd7 6. Be2 Bd6 7. O-O O-O 8. b3 Re8 9. Bb2 a6 10. Nd2 e5 11. dxe5 Nxe5 12. cxd5 cxd5 13. Nf3 Be6 14. Qd2 Qe7 15. Rad1 Rad8 16. Nd4 Bc8 17. Qc2 Bb8 18. h3 Ng6 19. Bc1 Nh4 20. f4 Ba7 21. f5 Bb8 22. Rde1 g5 23. fxg6 hxg6 24. Bd3 Qe5 25. Rf4 Qg5 26. Nf3 Nxf3+ 27. Rxf3 d4 28. Ne4 Nxe4 29. Bxe4 Qe5 30. exd4 Rxd4 31. Bf4 Rxe4 32. Rxe4 Qxe4 1/2-1/2

[Event "SERBIA OPEN 2023 - MASTERS СРБИЈА "]
[Site "Belgrade, "]
[Date "2023.07.18"]
[Round "3.51"]
[White "Seemann, Jakub"]
[Black "Gagic, Milan A"]
[Result "1-0"]
[WhiteElo "2430"]
[BlackElo "2254"]
[PlyCount "109"]
[EventDate "2023.07.16"]

1. d4 e6 2. c4 d5 3. Nf3 Nf6 4. g3 c5 5. Bg2 Nc6 6. O-O Be7 7. dxc5 Bxc5 8. cxd5 exd5 9. Nbd2 O-O 10. Nb3 Bb6 11. Nfd4 Re8 12. Be3 Ne5 13. Bg5 Bg4 14. h3 Be6 15. Nxe6 fxe6 16. Bd2 Nc6 17. e3 e5 18. Rc1 Qd7 19. Qe2 Rad8 20. Rfd1 d4 21. exd4 Nxd4 22. Nxd4 exd4 23. Qd3 Qe6 24. a3 Qe2 25. Bf1 Qxd3 26. Bxd3 Ne4 27. Bf4 Nc5 28. Bb5 Rf8 29. Bg5 Ra8 30. Be7 Rfc8 31. Rxd4 Ne6 32. Rdd1 Rxc1 33. Rxc1 Nd4 34. Bc4+ Kh8 35. Rd1 Nf5 36. Bb4 Nxg3 37. Rd7 Ne4 38. Kg2 h6 39. Re7 Nf6 40. Rxb7 Bd4 41. b3 Rc8 42. a4 Ne4 43. Re7 Nf6 44. a5 h5 45. a6 Rd8 46. Rb7 Rd7 47. Rb8+ Kh7 48. Be6 Rc7 49. Bf5+ g6 50. Rb7 Rxb7 51. axb7 Be5 52. Bc3 Bb8 53. Bxf6 gxf5 54. f4 Bxf4 55. Kf3 1-0

[Event "SERBIA OPEN 2023 - MASTERS СРБИЈА "]
[Site "Belgrade, "]
[Date "2023.07.18"]
[Round "3.52"]
[White "Aswath, S.."]
[Black "Damljanovic, Branko"]
[Result "1-0"]
[WhiteElo "2251"]
[BlackElo "2422"]
[PlyCount "120"]
[EventDate "2023.07.16"]

1. e4 c5 2. Nf3 Nc6 3. d4 cxd4 4. Nxd4 Qc7 5. Nc3 e6 6. Be3 a6 7. Nxc6 bxc6 8. Qf3 d5 9. O-O-O Nf6 10. Bd4 Bb7 11. exd5 cxd5 12. Bd3 Bd6 13. Rhe1 Kf8 14. Qe2 Nd7 15. Qf3 Ne5 16. Qh5 f6 17. Bf1 Qf7 18. Qxf7+ Kxf7 19. Ne4 Be7 20. Ng5+ fxg5 21. Bxe5 a5 22. Be2 h5 23. Rd3 Ba6 24. Rb3 Bf6 25. Bd1 g4 26. h3 gxh3 27. Rxh3 h4 28. Bg4 Rae8 29. Bxf6 gxf6 30. Reh1 f5 31. Bf3 Rc8 32. Rxh4 Rxh4 33. Rxh4 Bd3 34. Bd1 e5 35. Rh7+ Kf6 36. Kd2 Bf1 37. g3 d4 38. Rh6+ Kg5 39. Re6 Rc5 40. Rxe5 Rxe5 41. f4+ Kf6 42. fxe5+ Kxe5 43. Be2 Bg2 44. a3 Be4 45. Bd3 Bd5 46. c4 dxc3+ 47. Kxc3 Be6 48. Bc2 Bd5 49. Bd3 Be6 50. Bc4 Bd7 51. Kd3 Ba4 52. Ke3 Bd7 53. b4 axb4 54. axb4 Bc8 55. b5 Kd6 56. Kf4 Kc5 57. Bd3 Bd7 58. Ke5 Kb6 59. Kd5 Bc8 60. Kd6 Bb7 1-0

[Event "SERBIA OPEN 2023 - MASTERS СРБИЈА "]
[Site "Belgrade, "]
[Date "2023.07.18"]
[Round "3.53"]
[White "Li, Xueyi"]
[Black "Perunovic, Miodrag"]
[Result "1-0"]
[WhiteElo "2248"]
[BlackElo "2405"]
[PlyCount "79"]
[EventDate "2023.07.16"]

1. d4 Nf6 2. c4 g6 3. g3 Bg7 4. Bg2 O-O 5. Nc3 d6 6. Nf3 Nbd7 7. O-O e5 8. e4 exd4 9. Nxd4 Re8 10. h3 Nc5 11. Re1 h6 12. Nb3 Ne6 13. Be3 Ng5 14. Bxg5 hxg5 15. c5 g4 16. h4 Nh5 17. cxd6 cxd6 18. Qd3 Be5 19. Rad1 a6 20. Qe3 b5 21. Nc1 Bb7 22. Nd3 Bg7 23. Qg5 Nf6 24. Nc5 Bc6 25. e5 Bxg2 26. Kxg2 Nh7 27. Qxd8 Raxd8 28. Nxa6 Rxe5 29. Rxe5 Bxe5 30. Nxb5 Bxb2 31. Rxd6 Re8 32. Nac7 Re1 33. Nd5 Kg7 34. Rc6 Ra1 35. Nd6 Be5 36. Ne8+ Kf8 37. Rc8 f5 38. Nd6+ Kg7 39. Rc7+ Kf8 40. Rf7+ 1-0

[Event "SERBIA OPEN 2023 - MASTERS СРБИЈА "]
[Site "Belgrade, "]
[Date "2023.07.18"]
[Round "3.54"]
[White "Damjanovic, Vuk"]
[Black "Sun, Fanghui"]
[Result "1/2-1/2"]
[WhiteElo "2376"]
[BlackElo "2228"]
[PlyCount "95"]
[EventDate "2023.07.16"]

1. d4 Nf6 2. Nf3 g6 3. Nbd2 d5 4. b4 Bg7 5. e3 O-O 6. Be2 c6 7. O-O a5 8. b5 Bf5 9. a4 Nbd7 10. c4 Ne4 11. Nxe4 Bxe4 12. Nd2 Bf5 13. Bb2 e5 14. cxd5 cxd5 15. dxe5 Nxe5 16. Qb3 Rc8 17. Rac1 Qd7 18. Rfd1 Rfd8 19. Bd4 Qd6 20. h3 h5 21. Bf1 g5 22. Qb2 Qb4 23. Qxb4 axb4 24. Rxc8 Rxc8 25. Nb3 Ra8 26. Rd2 Nc4 27. Ra2 Bb1 28. Ra1 Bc2 29. Bxg7 Kxg7 30. Nd4 b3 31. Bxc4 dxc4 32. Nxc2 bxc2 33. Rc1 Rxa4 34. Rxc2 Rb4 35. f4 gxf4 36. exf4 Kf6 37. Kf2 Ke6 38. Ke3 Kd5 39. Rd2+ Kc5 40. Rd7 f5 41. Rc7+ Kb6 42. Rh7 Rxb5 43. Kd4 Rc5 44. Kc3 Kc6 45. Rh6+ Kd5 46. Rxh5 Ke4 47. g4 Kxf4 48. Rxf5+ 1/2-1/2

[Event "SERBIA OPEN 2023 - MASTERS СРБИЈА "]
[Site "Belgrade, "]
[Date "2023.07.18"]
[Round "3.55"]
[White "Ince, Taylan Ruzgar"]
[Black "Geivondian, Arman"]
[Result "1/2-1/2"]
[WhiteElo "2240"]
[BlackElo "2356"]
[PlyCount "39"]
[EventDate "2023.07.16"]

1. Nf3 Nf6 2. c4 e6 3. g3 d5 4. d4 Be7 5. Bg2 O-O 6. O-O dxc4 7. Qc2 a6 8. a4 Nc6 9. Qxc4 Qd5 10. Nbd2 Rd8 11. e3 Qxc4 12. Nxc4 a5 13. Bd2 Ne4 14. Bc3 f6 15. Rfc1 Nxc3 16. bxc3 e5 17. Nfd2 exd4 18. exd4 Bf5 19. Re1 Bf8 20. Ne3 1/2-1/2

[Event "SERBIA OPEN 2023 - MASTERS СРБИЈА "]
[Site "Belgrade, "]
[Date "2023.07.18"]
[Round "3.56"]
[White "Giannoulakis, Lampros"]
[Black "Zlatkov, Anton"]
[Result "1/2-1/2"]
[WhiteElo "2354"]
[BlackElo "2232"]
[PlyCount "156"]
[EventDate "2023.07.16"]

1. d4 Nf6 2. c4 e6 3. Nc3 Bb4 4. Qb3 c5 5. dxc5 Bxc5 6. Nf3 Nc6 7. Bg5 O-O 8. e3 b6 9. Be2 Bb7 10. O-O Be7 11. Rfd1 Rc8 12. Qa4 d6 13. Rd2 a6 14. b4 Qc7 15. Rad1 Rfd8 16. a3 Nb8 17. Rc2 Nbd7 18. Qb3 Qb8 19. Rcd2 Qa8 20. h3 Rc7 21. Bf4 e5 22. Bg5 Re8 23. Ne1 h6 24. Bxf6 Nxf6 25. Na4 Qa7 26. Nb2 Ne4 27. Rc2 b5 28. Bg4 Rd8 29. a4 bxa4 30. Nxa4 Nf6 31. Bf3 Rb8 32. Nc3 Bxf3 33. Nxf3 Qb7 34. Rb2 Qc6 35. Nd2 Rcb7 36. b5 axb5 37. cxb5 Qc5 38. Rdb1 d5 39. e4 dxe4 40. Ncxe4 Nxe4 41. Nxe4 Qd4 42. Qe3 Qxe3 43. fxe3 f5 44. Nd2 Bc5 45. Nc4 f4 46. Kf2 fxe3+ 47. Ke2 Bd4 48. Rb3 Rc7 49. Nxe3 Bxe3 50. Rxe3 Rc5 51. b6 Rb7 52. Rd3 Rc6 53. Rdb3 Kf7 54. Kd3 Ke6 55. Rb5 Rd6+ 56. Ke3 Rc6 57. R1b4 Rc1 58. h4 h5 59. Ke4 Re1+ 60. Kd3 Rd1+ 61. Ke3 g6 62. Kf3 Rf1+ 63. Ke2 Rc1 64. Rb3 Rc2+ 65. Kf3 Rc6 66. R5b4 Kf5 67. Ke3 Rd6 68. Rb5 Rc6 69. R3b4 Rd6 70. Rb1 Rc6 71. Kd3 Rd7+ 72. Ke3 Rb7 73. R5b3 Rd6 74. Rb4 Rc6 75. R4b3 Rd6 76. Ke2 Ke6 77. Rb4 Kf5 78. Ke3 Rc6 1/2-1/2

[Event "SERBIA OPEN 2023 - MASTERS СРБИЈА "]
[Site "Belgrade, "]
[Date "2023.07.18"]
[Round "3.57"]
[White "Vatsal, Singhania"]
[Black "Marn, Jan"]
[Result "1-0"]
[WhiteElo "2227"]
[BlackElo "2345"]
[PlyCount "51"]
[EventDate "2023.07.16"]

1. e4 e5 2. Nf3 Nc6 3. Bc4 Bc5 4. O-O Nf6 5. d3 d6 6. c3 h6 7. Re1 O-O 8. Nbd2 Ng4 9. Re2 Kh8 10. h3 f5 11. exf5 Nxf2 12. Rxf2 Bxf2+ 13. Kxf2 Bxf5 14. Kg1 d5 15. Bb5 Qd6 16. Bxc6 bxc6 17. d4 exd4 18. cxd4 Bxh3 19. Ne5 Bf5 20. Nb3 Be4 21. Be3 Rf6 22. Rc1 Raf8 23. Nd2 Rf5 24. Rxc6 Qb4 25. Ng6+ Kh7 26. Nxf8+ 1-0

[Event "SERBIA OPEN 2023 - MASTERS СРБИЈА "]
[Site "Belgrade, "]
[Date "2023.07.18"]
[Round "3.58"]
[White "Lopez Rayo, Santiago"]
[Black "Stankovic, Boris"]
[Result "0-1"]
[WhiteElo "2336"]
[BlackElo "2221"]
[PlyCount "120"]
[EventDate "2023.07.16"]

1. e4 c5 2. Nf3 d6 3. d4 cxd4 4. Nxd4 Nf6 5. Nc3 g6 6. Be3 Nc6 7. f3 h5 8. Qd2 Nxd4 9. Bxd4 Bh6 10. Qf2 O-O 11. Bxa7 Qa5 12. Be3 Bxe3 13. Qxe3 d5 14. O-O-O dxe4 15. Bc4 Bf5 16. fxe4 Qe5 17. Rhe1 Be6 18. Nd5 Bxd5 19. exd5 Qxh2 20. g3 Rfc8 21. Rd2 Qh3 22. Bb3 Kg7 23. Rf2 Ra6 24. Qf4 Qd7 25. Qe5 Rc7 26. Ref1 Kg8 27. Qd4 Rd6 28. Kb1 b6 29. c4 Qg4 30. Qxg4 Nxg4 31. Re2 f6 32. Bc2 Kg7 33. b3 Ne5 34. Kb2 Rd8 35. a4 Rh8 36. Ra1 h4 37. gxh4 Rxh4 38. Rd2 g5 39. Bf5 Rf4 40. Be6 g4 41. Rh1 Nf3 42. Rf2 f5 43. Rh5 Kf6 44. Rh8 Ke5 45. Re2+ Re4 46. Rxe4+ Kxe4 47. Rg8 Kf4 48. Rg7 Ng5 49. d6 exd6 50. Rxc7 Nxe6 51. Rh7 g3 52. Rh1 g2 53. Rd1 Kg3 54. b4 f4 55. a5 bxa5 56. b5 Nc5 57. b6 f3 58. Kc2 f2 59. Rd3+ Nxd3 60. b7 Nb4+ 0-1

[Event "SERBIA OPEN 2023 - MASTERS СРБИЈА "]
[Site "Belgrade, "]
[Date "2023.07.18"]
[Round "3.59"]
[White "Vignesh, B.."]
[Black "Todorovic, Goran M"]
[Result "1-0"]
[WhiteElo "2197"]
[BlackElo "2333"]
[PlyCount "93"]
[EventDate "2023.07.16"]

1. e4 c5 2. Nf3 Nc6 3. c3 Nf6 4. e5 Nd5 5. d4 cxd4 6. cxd4 d6 7. exd6 Qxd6 8. Nc3 e6 9. Bd3 Be7 10. O-O O-O 11. Re1 Qd8 12. a3 Nf6 13. Be3 b6 14. Qc2 Bb7 15. Rad1 Rc8 16. d5 exd5 17. Bf5 Ra8 18. Bg5 d4 19. Nb5 h6 20. Nfxd4 Qd5 21. Nxc6 Qxc6 22. Qxc6 Bxc6 23. Nd4 hxg5 24. Nxc6 Bd8 25. Re3 g6 26. Bd3 Nd5 27. Ree1 Nf4 28. Be4 Kg7 29. g3 Ne6 30. Bd5 Bf6 31. Bxe6 fxe6 32. b4 a5 33. bxa5 bxa5 34. Rxe6 Bb2 35. a4 Rac8 36. Rdd6 Rf6 37. Rxf6 Bxf6 38. Rd7+ Kf8 39. Nxa5 Rc1+ 40. Kg2 Ra1 41. Nc4 Rxa4 42. Ne3 Be7 43. h3 Bc5 44. Ng4 Ra2 45. Rd5 Be7 46. Ne5 Ra6 47. Nf3 1-0

[Event "SERBIA OPEN 2023 - MASTERS СРБИЈА "]
[Site "Belgrade, "]
[Date "2023.07.18"]
[Round "3.60"]
[White "Kalogridis, Antonios"]
[Black "Mijatovic, Dusan"]
[Result "1-0"]
[WhiteElo "2328"]
[BlackElo "2213"]
[PlyCount "133"]
[EventDate "2023.07.16"]

1. d4 Nf6 2. c4 e6 3. Nc3 Bb4 4. e3 O-O 5. Bd2 d5 6. Nf3 b6 7. cxd5 exd5 8. Bd3 Bd6 9. O-O Re8 10. Re1 Bb7 11. Ng5 h6 12. e4 dxe4 13. Ngxe4 Nxe4 14. Nxe4 Nc6 15. Qg4 Kh8 16. Nxd6 Qxd6 17. Qf5 Qg6 18. Qxg6 fxg6 19. Bxg6 Red8 20. Bf4 Rd7 21. Rac1 Nxd4 22. h4 c5 23. Re3 Bd5 24. Rce1 Bf7 25. Bb1 Rf8 26. Re7 Rxe7 27. Rxe7 Nc6 28. Rc7 Bd5 29. Be3 Kg8 30. a3 Rf7 31. Rc8+ Rf8 32. Bh7+ Kf7 33. Rc7+ Kf6 34. g4 g5 35. Bf5 Rf7 36. Rxf7+ Bxf7 37. f4 gxf4 38. Bxf4 Nd4 39. Bd3 Nf3+ 40. Kf2 Nxh4 41. Bxh6 Ng6 42. Kg3 c4 43. g5+ Ke5 44. Bg7+ Kd5 45. Bc2 b5 46. Bc3 Ke6 47. Be4 Be8 48. Kf2 Ne7 49. Ke3 Nf5+ 50. Kf4 Bg6 51. Bb4 Bh7 52. Bc5 a5 53. Bb6 b4 54. Bxa5 bxa3 55. bxa3 Bg6 56. Bb4 Nh4 57. Bb7 Be8 58. Ke4 Ng6 59. Bd5+ Kd7 60. Bxc4 Kc7 61. Kf5 Nh8 62. Kf6 Kd8 63. a4 Ng6 64. a5 Kc7 65. Bd2 Nh4 66. Bd5 Kb8 67. Be4 1-0

[Event "SERBIA OPEN 2023 - MASTERS СРБИЈА "]
[Site "Belgrade, "]
[Date "2023.07.18"]
[Round "3.61"]
[White "Pogorelskikh, Sofia"]
[Black "Stefanou, Dimitrios"]
[Result "1-0"]
[WhiteElo "2211"]
[BlackElo "2327"]
[PlyCount "139"]
[EventDate "2023.07.16"]

1. e4 e5 2. Nf3 Nc6 3. Bb5 a6 4. Ba4 Nf6 5. O-O Be7 6. Re1 b5 7. Bb3 d6 8. c3 O-O 9. h3 Nb8 10. d4 Nbd7 11. Nbd2 Bb7 12. Bc2 Re8 13. Nf1 Bf8 14. Ng3 g6 15. a4 c5 16. d5 c4 17. Be3 Qc7 18. Qd2 Reb8 19. Bh6 Bxh6 20. Qxh6 Qd8 21. Nh2 Qf8 22. Qg5 h6 23. Qe3 h5 24. Nf3 Bc8 25. axb5 axb5 26. Ra7 Rxa7 27. Qxa7 Bb7 28. Nd2 Qc8 29. Qe3 Ra8 30. Nb1 Qc5 31. Qxc5 Nxc5 32. Na3 Ra5 33. h4 Nfd7 34. Nf1 Nb6 35. Ra1 Nba4 36. Nb1 Ra6 37. Ra2 Kf8 38. Nfd2 Ke7 39. b4 cxb3 40. Nxb3 Nxb3 41. Bxb3 Nc5 42. Rxa6 Bxa6 43. Bc2 Kd8 44. f3 Kc7 45. Kf2 Bc8 46. Ke3 Kb6 47. Nd2 Bd7 48. Nf1 Ka5 49. Kd2 b4 50. cxb4+ Kxb4 51. Ne3 f6 52. g4 Nb7 53. gxh5 gxh5 54. Nf1 Nd8 55. Ng3 Be8 56. Ke3 Kc5 57. Bd1 Nf7 58. f4 Nh6 59. Bxh5 Bxh5 60. Nxh5 f5 61. Nf6 Kb6 62. h5 Kc7 63. exf5 Nxf5+ 64. Ke4 Ng3+ 65. Kf3 Nf5 66. Kg4 Ne7 67. f5 e4 68. Nxe4 Ng8 69. Kg5 Kd7 70. Nf6+ 1-0

[Event "SERBIA OPEN 2023 - MASTERS СРБИЈА "]
[Site "Belgrade, "]
[Date "2023.07.18"]
[Round "3.62"]
[White "Nurgali, Nazerke"]
[Black "Jocev, Milan"]
[Result "1/2-1/2"]
[WhiteElo "2192"]
[BlackElo "2321"]
[PlyCount "54"]
[EventDate "2023.07.16"]

1. d4 Nf6 2. Nf3 g6 3. c4 Bg7 4. Nc3 O-O 5. e4 d6 6. Be2 e5 7. dxe5 dxe5 8. Qxd8 Rxd8 9. Bg5 c6 10. Nxe5 Re8 11. O-O-O Na6 12. f4 Nc5 13. Bf3 Be6 14. b3 h6 15. Bh4 Nh7 16. Bf2 Bxe5 17. fxe5 Nd7 18. Bg3 a5 19. Kb2 Nc5 20. Rd2 a4 21. Rhd1 axb3 22. axb3 Nf8 23. Bf2 Ncd7 24. Bg3 Nc5 25. Bf2 Ncd7 26. Bg3 Nc5 27. Bf2 Ncd7 1/2-1/2

[Event "SERBIA OPEN 2023 - MASTERS СРБИЈА "]
[Site "Belgrade, "]
[Date "2023.07.18"]
[Round "3.63"]
[White "Raahul, V S."]
[Black "Zhukov, Anton"]
[Result "1-0"]
[WhiteElo "2319"]
[BlackElo "2215"]
[PlyCount "109"]
[EventDate "2023.07.16"]

1. c4 e6 2. Nc3 d5 3. d4 Be7 4. cxd5 exd5 5. Bf4 c6 6. e3 Nf6 7. Bd3 O-O 8. Qc2 Nbd7 9. h3 Re8 10. Nf3 Nf8 11. O-O-O b5 12. Ne5 Bb7 13. g4 N6d7 14. h4 Nxe5 15. Bxe5 b4 16. Na4 Rc8 17. Bf5 Qa5 18. Bxc8 Bxc8 19. Bf4 Bxg4 20. Rdg1 Bd7 21. Bh6 Ne6 22. f4 Kh8 23. f5 gxh6 24. fxe6 Bxe6 25. b3 Qd8 26. Qg2 Rg8 27. Qxg8+ Qxg8 28. Rxg8+ Kxg8 29. Nc5 Bf5 30. Kd2 h5 31. Nd3 Be4 32. Rh3 Bd6 33. Nf4 Bf5 34. Rh1 Bg4 35. Rc1 Be7 36. Rxc6 Bxh4 37. Nxh5 Bxh5 38. Rh6 Bg4 39. Rxh4 h5 40. Rh1 Kg7 41. Ke1 Kg6 42. Kf2 Kf5 43. Rc1 Ke4 44. Rc7 Be6 45. Rxa7 Kd3 46. a3 bxa3 47. Rxa3 Kc3 48. Kg3 Kb4 49. Ra7 Kxb3 50. Rc7 Bg4 51. Kf4 Be2 52. Ke5 Bc4 53. Rxf7 Kc3 54. Rh7 Kd3 55. Kf4 1-0

[Event "SERBIA OPEN 2023 - MASTERS СРБИЈА "]
[Site "Belgrade, "]
[Date "2023.07.18"]
[Round "3.64"]
[White "Shoshin, Kirill"]
[Black "Ravic, Nenad"]
[Result "1/2-1/2"]
[WhiteElo "2314"]
[BlackElo "2210"]
[PlyCount "52"]
[EventDate "2023.07.16"]

1. e4 c5 2. Nf3 d6 3. d4 cxd4 4. Nxd4 Nf6 5. Nc3 a6 6. Be3 e6 7. g4 h6 8. h4 d5 9. e5 Nfd7 10. f4 Be7 11. Nf3 Nc6 12. Qd2 b5 13. O-O-O Bb7 14. Bg2 Qa5 15. Kb1 Nb6 16. Bxb6 Qxb6 17. f5 O-O-O 18. fxe6 fxe6 19. Qd3 Rhe8 20. Qg6 Bf8 21. Rhf1 Qc7 22. g5 d4 23. Nxd4 Nxe5 24. Bxb7+ Qxb7 25. Qh5 b4 26. Na4 Qe4 1/2-1/2

[Event "SERBIA OPEN 2023 - MASTERS СРБИЈА "]
[Site "Belgrade, "]
[Date "2023.07.18"]
[Round "3.65"]
[White "Mushini, Ajay"]
[Black "Masic, Predrag"]
[Result "1-0"]
[WhiteElo "2306"]
[BlackElo "2196"]
[PlyCount "85"]
[EventDate "2023.07.16"]

1. e4 e6 2. d4 d5 3. Nc3 Nc6 4. Nf3 Nf6 5. e5 Nd7 6. Bd3 Nb4 7. Be2 c5 8. Bg5 Be7 9. Bxe7 Qxe7 10. dxc5 Nc6 11. O-O O-O 12. Bd3 Nxc5 13. Qe2 a6 14. Rfe1 Bd7 15. Qe3 Rac8 16. Bf1 Rfd8 17. Ne2 Be8 18. c3 Na5 19. Nf4 Nc4 20. Qc1 b5 21. b3 Nb6 22. Qe3 Nbd7 23. g3 Nf8 24. Rad1 Bc6 25. Nd4 Bb7 26. Rc1 Rc7 27. Rc2 Rdc8 28. Rec1 h6 29. b4 Na4 30. Qe1 Nd7 31. Nd3 Nab6 32. f4 Nc4 33. Re2 g6 34. h4 h5 35. Rg2 Kh7 36. g4 hxg4 37. Rxg4 Rh8 38. Qg3 Rcc8 39. h5 Rcg8 40. Rc2 Kg7 41. hxg6 f5 42. Rg5 Kf8 43. g7+ 1-0

[Event "SERBIA OPEN 2023 - MASTERS СРБИЈА "]
[Site "Belgrade, "]
[Date "2023.07.18"]
[Round "3.66"]
[White "Aaron, Deepak"]
[Black "Pogorelskikh, Sergey"]
[Result "1-0"]
[WhiteElo "2305"]
[BlackElo "2196"]
[PlyCount "123"]
[EventDate "2023.07.16"]

1. e4 c5 2. Nf3 Nc6 3. Bb5 g6 4. Bxc6 bxc6 5. O-O Bg7 6. Re1 Qc7 7. Na3 d6 8. e5 dxe5 9. d3 f6 10. Nd2 Nh6 11. Ne4 Nf7 12. Nxc5 O-O 13. Bd2 Nd6 14. Bc3 Nb7 15. Nb3 c5 16. Qe2 Bd7 17. Qe4 Rac8 18. Qc4+ e6 19. Qh4 Nd6 20. Nd2 Bc6 21. Qh3 Rfe8 22. Nac4 Nf5 23. Ne4 Bd5 24. b3 Bxc4 25. dxc4 Nd4 26. Bxd4 exd4 27. b4 cxb4 28. c5 f5 29. Nd6 Qxc5 30. Nxe8 Rxe8 31. Qb3 Kf7 32. a3 a5 33. axb4 Qxb4 34. Qd3 Rc8 35. Qa6 Qc4 36. Rxa5 Qxa6 37. Rxa6 e5 38. Ra7+ Kf6 39. Rb1 Bf8 40. Rb6+ Kg5 41. h4+ Kf4 42. g3+ Kf3 43. Rb3+ Ke2 44. Ra2 Rc3 45. Rb7 e4 46. Rxh7 Kd2 47. h5 gxh5 48. Rd7 Bc5 49. Rd5 h4 50. gxh4 f4 51. Ra5 f3 52. Raxc5 Rxc5 53. Rxd4+ Kxc2 54. Rxe4 Kd2 55. Kh2 Rc8 56. Kg3 Kd3 57. Kxf3 Rh8 58. Ra4 Rg8 59. h5 Rf8+ 60. Kg3 Rg8+ 61. Kh4 Ke2 62. Rf4 1-0

[Event "SERBIA OPEN 2023 - MASTERS СРБИЈА "]
[Site "Belgrade, "]
[Date "2023.07.18"]
[Round "3.67"]
[White "Klek, Hanna Marie"]
[Black "Popovic, Aleksandar M"]
[Result "1-0"]
[WhiteElo "2301"]
[BlackElo "2195"]
[PlyCount "85"]
[EventDate "2023.07.16"]

1. d4 Nf6 2. c4 c5 3. d5 e6 4. Nc3 exd5 5. cxd5 d6 6. e4 g6 7. Nf3 Bg7 8. Bd3 O-O 9. O-O Bg4 10. h3 Bxf3 11. Qxf3 a6 12. a4 Nbd7 13. Bc2 Re8 14. Bg5 h6 15. Be3 Rb8 16. a5 b5 17. axb6 Rxb6 18. Rfb1 Nh5 19. Qd1 Qh4 20. Ra4 Ne5 21. Ne2 Reb8 22. f4 Nd7 23. b3 Qe7 24. Qd3 Nhf6 25. Ng3 h5 26. Re1 h4 27. Nf1 Rb4 28. Nd2 Rxa4 29. bxa4 a5 30. Nc4 Rb4 31. Bd2 Nh5 32. Nxa5 Bd4+ 33. Kh2 Qf6 34. Rf1 c4 35. Qf3 Rb2 36. Qd1 Ne5 37. Nc6 Nd3 38. Bxd3 cxd3 39. Bc1 Rf2 40. Qxd3 Ng3 41. Rxf2 Bxf2 42. e5 Qf5 43. Ne7+ 1-0

[Event "SERBIA OPEN 2023 - MASTERS СРБИЈА "]
[Site "Belgrade, "]
[Date "2023.07.18"]
[Round "3.68"]
[White "Martic, Ivan"]
[Black "Sharma, Dinesh K"]
[Result "1/2-1/2"]
[WhiteElo "2301"]
[BlackElo "2182"]
[PlyCount "50"]
[EventDate "2023.07.16"]

1. e4 c5 2. Nf3 d6 3. d4 cxd4 4. Nxd4 Nf6 5. Nc3 a6 6. h3 e5 7. Nf3 h6 8. Be3 Be7 9. g4 Qc7 10. g5 hxg5 11. Nxg5 Be6 12. Rg1 Bc4 13. Bxc4 Qxc4 14. Qf3 Nbd7 15. O-O-O Rf8 16. Kb1 O-O-O 17. Nd5 Nxd5 18. exd5 Nf6 19. Ba7 Rd7 20. Rg3 b5 21. Bb6 Kb7 22. Ba5 Rc8 23. c3 Bd8 24. Bb4 Bc7 25. Qf5 Re7 1/2-1/2

[Event "SERBIA OPEN 2023 - MASTERS СРБИЈА "]
[Site "Belgrade, "]
[Date "2023.07.18"]
[Round "3.69"]
[White "Heinemann, Josefine"]
[Black "Kairbekova, Amina"]
[Result "1-0"]
[WhiteElo "2297"]
[BlackElo "2173"]
[PlyCount "131"]
[EventDate "2023.07.16"]

1. e4 e5 2. Nf3 Nc6 3. Bc4 Nf6 4. d3 Bc5 5. Nc3 h6 6. O-O d6 7. Na4 Bg4 8. Nxc5 dxc5 9. Bb5 Qd6 10. Bxc6+ Qxc6 11. h3 Bxf3 12. Qxf3 Nd7 13. b3 Qg6 14. Bb2 O-O 15. Qe3 Qd6 16. f4 f6 17. f5 Nb8 18. g4 Nc6 19. h4 Kf7 20. Rf2 Rh8 21. Raf1 a5 22. a4 Nd4 23. Qe1 Ra6 24. Qc3 Raa8 25. Rg2 Ke7 26. Rff2 b6 27. Qc4 Rag8 28. Kf1 g5 29. Bxd4 cxd4 30. Rh2 Kd7 31. Rf3 Kc8 32. Rfh3 Qa3 33. h5 Qc1+ 34. Ke2 Qg1 35. Qe6+ Kb8 36. Qxf6 Qxg4+ 37. Rf3 Qg1 38. Qxe5 Qc1 39. Rhf2 g4 40. Rg3 Qxc2+ 41. Kf1 Qc1+ 42. Kg2 Qg5 43. Qxd4 Qxh5 44. f6 Qg6 45. f7 Rf8 46. Rf6 Qg5 47. e5 h5 48. e6 Qd2+ 49. Rf2 Qg5 50. Qf6 Qd5+ 51. Kh2 h4 52. Rxg4 Qd6+ 53. Kh3 Qxd3+ 54. Qf3 Qd6 55. Re4 Ka7 56. Re3 Qc5 57. Rc3 Qe5 58. Re2 Qd6 59. Rc6 Qe7 60. Rec2 Rc8 61. Qf4 Ka8 62. Qe4 Kb8 63. Qe5 Kb7 64. Rxc7+ Rxc7 65. Rxc7+ Qxc7 66. Qxc7+ 1-0

[Event "SERBIA OPEN 2023 - MASTERS СРБИЈА "]
[Site "Belgrade, "]
[Date "2023.07.18"]
[Round "3.70"]
[White "Kulnev, Aleksandr"]
[Black "Hercegovac, Neven"]
[Result "1/2-1/2"]
[WhiteElo "2017"]
[BlackElo "2173"]
[PlyCount "64"]
[EventDate "2023.07.16"]

1. d4 Nf6 2. c4 g6 3. Nc3 Bg7 4. Nf3 O-O 5. g3 d6 6. Bg2 c5 7. O-O Nc6 8. dxc5 dxc5 9. Be3 Qa5 10. Qb3 Qb4 11. Qxb4 cxb4 12. Na4 Rd8 13. Rac1 Ng4 14. Bd2 e5 15. Rfd1 e4 16. Ne1 Bf5 17. e3 Nf6 18. h3 h5 19. Nc2 Bf8 20. Be1 Rac8 21. b3 b6 22. Nd4 Ne5 23. Nxf5 gxf5 24. Kf1 Nd3 25. Rc2 Kg7 26. Nb2 Nxb2 27. Rxd8 Rxd8 28. Rxb2 Kg6 29. Rd2 Rxd2 30. Bxd2 Nd7 31. h4 Ne5 32. Ke2 a5 1/2-1/2

[Event "SERBIA OPEN 2023 - MASTERS ?????? ???? 2"]
[Site "Belgrade, "]
[Date "2023.07.18"]
[Round "3.71"]
[White "Loshkarev, Dmitri"]
[Black "Devnani, Kush"]
[Result "0-1"]
[WhiteElo "1997"]
[BlackElo "2155"]
[PlyCount "67"]
[EventDate "2023.07.16"]

1. e4 c5 2. Nc3 d6 3. g3 Nc6 4. Bg2 g6 5. d3 Bg7 6. Be3 Rb8 7. Qd2 b5 8. Nge2 Nd4 9. O-O e6 10. Rab1 a5 11. a4 bxa4 12. Bxd4 cxd4 13. Nxa4 Ne7 14. c3 Bd7 15. Ra1 Nc6 16. f4 O-O 17. f5 dxc3 18. bxc3 Ne5 19. Nd4 Ng4 20. fxe6 fxe6 21. Rxf8+ Qxf8 22. Qe2 Bxd4+ 23. cxd4 e5 24. Bh3 Nf6 25. dxe5 dxe5 26. Qe3 Qd6 27. Nc3 a4 28. Qa7 Rc8 29. Nxa4 Qxd3 30. Qf2 Nh5 31. Rf1 Bxa4 32. Qf7+ Kh8 33. Qe7 Qe3+ 34. Kh1 0-1

[Event "SERBIA OPEN 2023 - MASTERS ?????? ???? 2"]
[Site "Belgrade, "]
[Date "2023.07.18"]
[Round "3.72"]
[White "Zherebtsova, Alexandra"]
[Black "Krassel, Timofei"]
[Result "1/2-1/2"]
[WhiteElo "2152"]
[BlackElo "1923"]
[PlyCount "57"]
[EventDate "2023.07.16"]

1. d4 Nf6 2. c4 e6 3. Nc3 d5 4. cxd5 exd5 5. Bg5 Be7 6. e3 h6 7. Bh4 c6 8. Qc2 O-O 9. Bd3 c5 10. dxc5 d4 11. exd4 Qxd4 12. Nf3 Qxc5 13. O-O Nc6 14. Bxf6 Bxf6 15. Ne4 Qe7 16. Nxf6+ Qxf6 17. Bh7+ Kh8 18. Be4 Bg4 19. Qa4 b5 20. Qa6 Rac8 21. Rac1 Bxf3 22. Bxf3 Nd4 23. Qxf6 gxf6 24. Bh5 Rfe8 25. Rxc8 Rxc8 26. Rd1 Rc5 27. Bxf7 Kg7 28. Be8 Nc6 29. h3 {...} 1/2-1/2